Biblioteki Polonii Amerykańskiej
Biblioteka Instytutu Józefa Piłsudskiego w Ameryce
Library of the Józef Piłsudski Institute of America
Biblioteka imienia Alfreda Jurzykowskiego Polskiego Instytutu Naukowego w Ameryce
The Alfred Jurzykowski Memorial Library of the Polish Institute of Arts & Sciences of America
Biblioteka Marjanczyków Polskiej Fundacji Kulturalnej
The Marjanczyk Library of the Polish Cultural Foundation

Biblioteka Fundacji Kościuszkowskiej
Library of the Kosciuszko Foundation

Agent Zo : (Record no. 91094)

MARC details
000 -LEADER
fixed length control field 02592nam#a2200745#i#4500
001 - CONTROL NUMBER
control field 991053142229605066
003 - CONTROL NUMBER IDENTIFIER
control field NyNyJPI
005 - DATE AND TIME OF LATEST TRANSACTION
control field 20260410170037.0
006 - FIXED-LENGTH DATA ELEMENTS--ADDITIONAL MATERIAL CHARACTERISTICS
fixed length control field m o d |
007 - PHYSICAL DESCRIPTION FIXED FIELD--GENERAL INFORMATION
fixed length control field cr#cn#nnnann|n
008 - FIXED-LENGTH DATA ELEMENTS--GENERAL INFORMATION
fixed length control field 250425s2024 xxuabo o |000 0beng c
009 - PHYSICAL DESCRIPTION FIXED-FIELD FOR ARCHIVAL COLLECTION (VM) [OBSOLETE]
fixed length control field b1000006112209
015 ## - NATIONAL BIBLIOGRAPHY NUMBER
National bibliography number PZ 2024
020 ## - INTERNATIONAL STANDARD BOOK NUMBER
International Standard Book Number 9781639367634
035 ## - SYSTEM CONTROL NUMBER
System control number (PL)b1000006112209
035 ## - SYSTEM CONTROL NUMBER
System control number (EXLNZ-48OMNIS_NETWORK)9914653251305606
040 ## - CATALOGING SOURCE
Original cataloging agency WA N
Transcribing agency WA N
Modifying agency WA N
044 ## - COUNTRY OF PUBLISHING/PRODUCING ENTITY CODE
MARC country code xxu
-- xxk
045 2# - TIME PERIOD OF CONTENT
Formatted 9999 B.C. through C.E. time period d1909
-- d2009
046 ## - SPECIAL CODED DATES
Beginning or single date created 2024
080 ## - UNIVERSAL DECIMAL CLASSIFICATION NUMBER
Field link and sequence number 1.1\x
Universal Decimal Classification number 94(100)"1939/1945":355.40
080 ## - UNIVERSAL DECIMAL CLASSIFICATION NUMBER
Field link and sequence number 1.2\x
Universal Decimal Classification number 94(438).082.21
080 ## - UNIVERSAL DECIMAL CLASSIFICATION NUMBER
Field link and sequence number 1.3\x
Universal Decimal Classification number 94(438).083.3
080 ## - UNIVERSAL DECIMAL CLASSIFICATION NUMBER
Field link and sequence number 1.4\x
Universal Decimal Classification number 929-052(438)"19"
080 ## - UNIVERSAL DECIMAL CLASSIFICATION NUMBER
Field link and sequence number 1.5\x
Universal Decimal Classification number (0.034)
080 ## - UNIVERSAL DECIMAL CLASSIFICATION NUMBER
Field link and sequence number 1.6\x
Universal Decimal Classification number (0.054)
084 ## - OTHER CLASSIFICATION NUMBER
Classification number 10
100 1# - MAIN ENTRY--PERSONAL NAME
Personal name Mulley, Clare
Dates associated with a name (1969- )
Relator term Autor
245 10 - TITLE STATEMENT
Title Agent Zo :
Remainder of title the untold story of a fearless World War II resistance fighter /
Statement of responsibility, etc. Clare Mulley.
246 30 - VARYING FORM OF TITLE
Title proper/short title Untold story of a fearless World War II resistance fighter
256 ## - COMPUTER FILE CHARACTERISTICS
Computer file characteristics Dane tekstowe.
260 ## - PUBLICATION, DISTRIBUTION, ETC.
Place of publication, distribution, etc. New York ;
-- London :
Name of publisher, distributor, etc. Pegasus Books,
Date of publication, distribution, etc. 2024.
336 ## - CONTENT TYPE
Content type term Tekst
Content type code txt
Source rdacontent
337 ## - MEDIA TYPE
Media type term Komputer
Media type code c
Source rdamedia
338 ## - CARRIER TYPE
Carrier type term Publikacja online
Carrier type code cr
Source rdacarrier
347 ## - DIGITAL FILE CHARACTERISTICS
File type Plik tekstowy
Encoding format EPUB
File size 40,33 MB
380 ## - FORM OF WORK
Form of work E-booki
380 ## - FORM OF WORK
Form of work Literatura faktu, eseje, publicystyka
388 1# - TIME PERIOD OF CREATION
Time period of creation term 2001-
500 ## - GENERAL NOTE
General note Źródło opisu: https://www.simonandschuster.com/books/Agent-Zo/Clare-Mulley/9781639367634 ; https://www.amazon.com/dp/B0CV2B91XJ ; https://catalog.denverlibrary.org/search/title.aspx?ctx=1.1033.0.0.6&pos=1&cn=2652027 ; https://denver.overdrive.com/media/10480295, dostęp 25.04.2025.
500 ## - GENERAL NOTE
General note Tytuł z ekranu tytułowego.
504 ## - BIBLIOGRAPHY, ETC. NOTE
Bibliography, etc. note Bibliografia.
530 ## - ADDITIONAL PHYSICAL FORM AVAILABLE NOTE
Additional physical form available note Publikacja dostępna także w wersji drukowanej.
538 ## - SYSTEM DETAILS NOTE
System details note Tryb dostępu: online.
600 17 - SUBJECT ADDED ENTRY--PERSONAL NAME
Personal name Zawacka, Elżbieta
Dates associated with a name (1909-2009)
Source of heading or term DBN
610 27 - SUBJECT ADDED ENTRY--CORPORATE NAME
Corporate name or jurisdiction name as entry element Wojskowa Służba Kobiet (Armia Krajowa)
Source of heading or term DBN
648 #7 - SUBJECT ADDED ENTRY--CHRONOLOGICAL TERM
Chronological term 1901-2000
Source of heading or term DBN
648 #7 - SUBJECT ADDED ENTRY--CHRONOLOGICAL TERM
Chronological term 2001-
Source of heading or term DBN
650 #7 - SUBJECT ADDED ENTRY--TOPICAL TERM
Topical term or geographic name entry element Cichociemni
Source of heading or term DBN
650 #7 - SUBJECT ADDED ENTRY--TOPICAL TERM
Topical term or geographic name entry element Generałowie
Source of heading or term DBN
650 #7 - SUBJECT ADDED ENTRY--TOPICAL TERM
Topical term or geographic name entry element Kampania wrześniowa (1939)
Source of heading or term DBN
650 #7 - SUBJECT ADDED ENTRY--TOPICAL TERM
Topical term or geographic name entry element Kobieta
Source of heading or term DBN
650 #7 - SUBJECT ADDED ENTRY--TOPICAL TERM
Topical term or geographic name entry element Kurierzy państwa podziemnego
Source of heading or term DBN
650 #7 - SUBJECT ADDED ENTRY--TOPICAL TERM
Topical term or geographic name entry element Powstanie warszawskie (1944)
Source of heading or term DBN
650 #7 - SUBJECT ADDED ENTRY--TOPICAL TERM
Topical term or geographic name entry element Ruch oporu
Source of heading or term DBN
650 #7 - SUBJECT ADDED ENTRY--TOPICAL TERM
Topical term or geographic name entry element Więźniowie polityczni
Source of heading or term DBN
651 #7 - SUBJECT ADDED ENTRY--GEOGRAPHIC NAME
Geographic name Francja
Source of heading or term DBN
651 #7 - SUBJECT ADDED ENTRY--GEOGRAPHIC NAME
Geographic name Niemcy
Source of heading or term DBN
651 #7 - SUBJECT ADDED ENTRY--GEOGRAPHIC NAME
Geographic name Polska
Source of heading or term DBN
651 #7 - SUBJECT ADDED ENTRY--GEOGRAPHIC NAME
Geographic name Wielka Brytania
Source of heading or term DBN
655 #7 - INDEX TERM--GENRE/FORM
Genre/form data or focus term Biografia
Source of term DBN
658 ## - INDEX TERM--CURRICULUM OBJECTIVE
Main curriculum objective Bezpieczeństwo i wojskowość
658 ## - INDEX TERM--CURRICULUM OBJECTIVE
Main curriculum objective Historia
942 ## - ADDED ENTRY ELEMENTS (KOHA)
Source of classification or shelving scheme Other/Generic Classification Scheme
Koha item type Books
Suppress in OPAC No
Holdings
Withdrawn status Lost status Source of classification or shelving scheme Damaged status Not for loan Home library Current library Date acquired Total checkouts Full call number Date last seen Price effective from Koha item type
    Other/Generic Classification Scheme   Not for loan Józef Piłsudski Institute Józef Piłsudski Institute 04/10/2026   K 1831 04/10/2026 04/10/2026 Books